Statistics for Highest Average IQ by Country

Click here to take the quiz!

General Stats

  • This quiz has been taken 79 times
  • The average score is 7 of 10

Answers on the Map

Answers color-coded by a green-red scale on the quiz's map according to % correct below.
 

Answer Stats

Answer% Correct
Japan
100%
China
93%
Netherlands & Germany
93%
South Korea
86%
Singapore
81%
Taiwan
69%
Finland
68%
Liechtenstein
38%
Belarus
24%
Hong Kong (China)
4%

Score Distribution

Percentile by Number Answered

Percent of People with Each Score

Your Score History

You have not taken this quiz